000 00495nam a2200181Ia 4500
008 240729s9999 xx 000 0 und d
022 _a1678-4375
245 0 _aBrazilian Journal of Biology
260 _aBrazil
260 _bInstituto Internacional de Ecologia
650 _a Biology (General) | Science
650 _a Botany
650 _a Zoology | Science
650 _aScience
856 _uhttps://doaj.org/toc/fd4c8436e21f46c480b091d948f6bc29
942 _2ddc
942 _cDOAJEJ
999 _c69388
_d69388
945 _a1
_bMadushi Gamage
_c1
_dMadushi Gamage